Aulton's pharmaceutics : (Record no. 20624)
[ view plain ]
| 000 -LEADER | |
|---|---|
| fixed length control field | 00854nam a22002652 4500 |
| 001 - CONTROL NUMBER | |
| control field | 0000020351 |
| 003 - CONTROL NUMBER IDENTIFIER | |
| control field | OSt |
| 005 - DATE AND TIME OF LATEST TRANSACTION | |
| control field | 20250206160152.0 |
| 008 - FIXED-LENGTH DATA ELEMENTS--GENERAL INFORMATION | |
| fixed length control field | 250206s xx 000 0 eng d |
| 020 ## - INTERNATIONAL STANDARD BOOK NUMBER | |
| International Standard Book Number | 9780702081545 |
| 040 ## - CATALOGING SOURCE | |
| Original cataloging agency | KABU |
| Transcribing agency | KABU |
| 050 ## - LIBRARY OF CONGRESS CALL NUMBER | |
| Classification number | RS200 |
| Item number | .A95 2022 |
| 245 10 - TITLE STATEMENT | |
| Title | Aulton's pharmaceutics : |
| Remainder of title | the design and manufacture of medicines / |
| Statement of responsibility, etc. | edited by Michael E. Aulton, Kevin M.G. Taylor. |
| 250 ## - EDITION STATEMENT | |
| Edition statement | 6th ed. |
| 260 ## - PUBLICATION, DISTRIBUTION, ETC. (IMPRINT) | |
| Place of publication, distribution, etc. | London : |
| Name of publisher, distributor, etc. | Elsevier, |
| Date of publication, distribution, etc. | 2022. |
| 300 ## - PHYSICAL DESCRIPTION | |
| Extent | xi, 918 p. |
| 504 ## - BIBLIOGRAPHY, ETC. NOTE | |
| Bibliography, etc | Includes bibliographical references and index |
| 650 #0 - SUBJECT ADDED ENTRY--TOPICAL TERM | |
| Topical term or geographic name as entry element | Drugs |
| General subdivision | Dosage forms. |
| 650 #0 - SUBJECT ADDED ENTRY--TOPICAL TERM | |
| Topical term or geographic name as entry element | Drugs |
| General subdivision | Design. |
| 650 #0 - SUBJECT ADDED ENTRY--TOPICAL TERM | |
| Topical term or geographic name as entry element | Dosage forms. |
| 700 1# - ADDED ENTRY--PERSONAL NAME | |
| Personal name | Aulton, Michael E. |
| Relator term | Editor |
| 700 1# - ADDED ENTRY--PERSONAL NAME | |
| Personal name | Taylor, Kevin M.G. |
| Relator term | Editor |
| 942 ## - ADDED ENTRY ELEMENTS (KOHA) | |
| Source of classification or shelving scheme | Library of Congress Classification |
| Koha item type | General Collection |
| Edition | 6th |
| Classification part | RS200 |
| Item part | .A95 2024 |
| Withdrawn status | Lost status | Source of classification or shelving scheme | Not for loan | Home library | Current library | Shelving location | Date acquired | Cost, normal purchase price | Inventory number | Total Checkouts | Full call number | Barcode | Date last seen | Copy number | Price effective from | Koha item type | Checked out | Date last checked out |
|---|---|---|---|---|---|---|---|---|---|---|---|---|---|---|---|---|---|---|
| Library of Congress Classification | Kabarak, Main Campus | Kabarak, Main Campus | General Stacks | 06/02/2025 | 7086.00 | 2025/2054 | RS200 .A95 2022 C.1 | 33380 | 06/02/2025 | C.1 | 06/02/2025 | General Collection | ||||||
| Library of Congress Classification | Kabarak, Main Campus | Kabarak, Main Campus | General Stacks | 06/02/2025 | 7086.00 | 2025/2055 | 1 | RS200 .A95 2022 C.2 | 33384 | 13/03/2026 | C.2 | 06/02/2025 | General Collection | 29/06/2026 | 13/03/2026 | |||
| Library of Congress Classification | Kabarak, Main Campus | Kabarak, Main Campus | General Stacks | 06/02/2025 | 7086.00 | 2025/2056 | 1 | RS200 .A95 2022 C.3 | 33383 | 13/03/2026 | C.3 | 06/02/2025 | General Collection | 13/03/2026 | ||||
| Library of Congress Classification | Kabarak, Main Campus | Kabarak, Main Campus | General Stacks | 06/02/2025 | 7086.00 | 2025/2053 | RS200 .A95 2022 C.4 | 33379 | 06/02/2025 | C.4 | 06/02/2025 | General Collection |